000 00531nam a22001937a 4500
003 CEME
005 20210628202443.0
008 210122b xxu||||| |||| 00| 0 eng d
020 _a0-19-515152-6
040 _c.
082 _a658.15 NEW
100 _aNewnan, Donald G Lavelle, Jerome P Eschenbach, Ted G
_959968
245 _aEngineering economic analysis
250 _a8TH
260 _aNEW YORK
_bOXFORD UNIVERSITY PRESS
_c2002
300 _aX,693 P
650 _aENGINEERING ECONOMIC ANALYSIS.
_959969
942 _cBK
_2ddc
999 _c569822
_d569822